MARC details
| 000 -CABECERA |
| campo de control de longitud fija |
00896nam a22002297a 4500 |
| 003 - IDENTIFICADOR DEL NÚMERO DE CONTROL |
| campo de control |
DO-SdBNP |
| 005 - FECHA Y HORA DE LA ÚLTIMA TRANSACCIÓN |
| campo de control |
20230731111320.0 |
| 007 - CAMPO FIJO DE DESCRIPCIÓN FÍSICA--INFORMACIÓN GENERAL |
| campo de control de longitud fija |
ta |
| 008 - DATOS DE LONGITUD FIJA--INFORMACIÓN GENERAL |
| campo de control de longitud fija |
210913e2018 dr ||||frf||| 00| 0 spa d |
| 040 ## - FUENTE DE LA CATALOGACIÓN |
| Centro catalogador/agencia de origen |
DO-SdBNP |
| Lengua de catalogación |
spa |
| Centro/agencia transcriptor |
BNPHU |
| 082 #4 - NÚMERO DE LA CLASIFICACIÓN DECIMAL DEWEY |
| Número de edición |
22 |
| Número de documento/Ítem |
Q71g |
| 110 ## - ENTRADA PRINCIPAL--NOMBRE DE ENTIDAD CORPORATIVA |
| Nombre de entidad corporativa o nombre de jurisdicción como elemento de entrada |
Universidad Nacional a Distancia, |
| Sede del congreso/Lugar de la reunión |
Santiago de los caballeros, República Dominicana |
| Fecha del congreso/reunión o de la firma de un tratado |
2018 |
| 9 (RLIN) |
79861 |
| 245 10 - MENCIÓN DE TÍTULO |
| Título |
54 quincuagésima cuarta graduación ordinaria : |
| Resto del título |
programa / |
| Mención de responsabilidad, etc. |
presentación Ángel Hernández. |
| 246 04 - FORMA VARIANTE DE TÍTULO |
| Título propio/Titulo breve |
Quincuagésima cuarta graduación ordinaria : |
| Resto del título |
programa |
| 260 ## - PUBLICACIÓN, DISTRIBUCIÓN, ETC. |
| Lugar de publicación, distribución, etc. |
Santiago de los Caballeros, República Dominicana : |
| Nombre del editor, distribuidor, etc. |
UAPA, |
| Fecha de publicación, distribución, etc. |
2017 |
| 300 ## - DESCRIPCIÓN FÍSICA |
| Extensión |
65 p. ; |
| Dimensiones |
22 cm. |
| 590 ## - NOTA LOCAL (RLIN) |
| Nota local |
Inventariado 2021 / MF |
| 700 ## - PUNTO DE ACCESO ADICIONAL--NOMBRE DE PERSONA |
| 9 (RLIN) |
11092 |
| Nombre de persona |
Hernández, Ángel, |
| Código de función/relación |
presentación |
| 710 20 - PUNTO DE ACCESO ADICIONAL--NOMBRE DE ENTIDAD CORPORATIVA |
| 9 (RLIN) |
38537 |
| Nombre de entidad corporativa o nombre de jurisdicción como elemento de entrada |
Universidad Nacional a Distancia, UAPA |
| 830 ## - PUNTO DE ACCESO ADICIONAL DE SERIE-TÍTULO UNIFORME |
| Título uniforme |
Universidad Nacional a Distancia |
| Lenguaje de la obra |
spa |
| 9 (RLIN) |
79850 |
| 942 ## - ELEMENTOS DE PUNTO DE ACCESO ADICIONAL (KOHA) |
| Fuente del sistema de clasificación o colocación |
Dewey Decimal Classification |
| Tipo de ítem Koha |
Libro |